Philosophical and sociological foundations of education (Record no. 393806)

MARC details
000 -LEADER
fixed length control field 00498 a2200181 4500
005 - DATE & TIME
control field 20251227104902.0
008 - FIXED-LENGTH DATA ELEMENTS--GENERAL INFORMATION
fixed length control field 251227b |||||||| |||| 00| 0 eng d
020 ## - ISBN
International Standard Book Number 9788173910863
Price Rs. 1250.00
040 ## - CATALOGING SOURCE
Original cataloging agency VIVEKANANDA LIBRARY
082 ## - DDC NUMBER
Classification number 370
Book Number S23P
100 ## - MAIN ENTRY--PERSONAL NAME
Personal name Sharma, S N
245 ## - TITLE STATEMENT
Title Philosophical and sociological foundations of education
260 ## - PUBLICATION, DISTRIBUTION, ETC. (IMPRINT)
Name of publisher, distributor, etc Kanishka Publishers, Distributors
Date of publication, distribution, etc 2025
Place of publication, distribution, etc New Delhi
300 ## - PHYSICAL DESCRIPTION
Pages 344
650 ## - Subject
Subject Education
650 ## - Subject
Subject Philosophy-Education
942 ## - ADDED ENTRY ELEMENTS (KOHA)
Koha item type Books
Holdings
Withdrawn status Lost status Source of classification or shelving scheme Damaged status Not for loan Location (home branch) Sublocation or collection (holding branch) Shelving location Date acquired Koha issues (times borrowed) Koha full call number Accession No. Koha date last seen Koha item type
    Dewey Decimal Classification     VIVEKANANDA LIBRARY VIVEKANANDA LIBRARY Centre for Disability Studies 03/12/2025   370 S23P 443455 03/12/2025 Books
    Dewey Decimal Classification     VIVEKANANDA LIBRARY VIVEKANANDA LIBRARY Centre for Disability Studies 03/12/2025   370 S23P 443457 03/12/2025 Books
    Dewey Decimal Classification     VIVEKANANDA LIBRARY VIVEKANANDA LIBRARY Centre for Disability Studies 03/12/2025   370 S23P 443456 03/12/2025 Books
    Dewey Decimal Classification     VIVEKANANDA LIBRARY VIVEKANANDA LIBRARY Centre for Disability Studies 03/12/2025   370 S23P 443458 03/12/2025 Books
© Designed and Maintained by Vivekananda Library, MDU Rohtak